All US Secretaries of State since 1945 - Statistics

General Stats
  • This quiz has been taken 535 times
    491 since last reset
  • The average score is 9 of 22
Answer Stats
Number Years Under President Name % Correct
19 2009-2013 Barack Obama Hillary Clinton
94%
18 2005-2009 George W. Bush Condoleezza Rice
76%
8 1973-1977 Richard Nixon / Gerald Ford Henry Kissinger
74%
20 2013-2017 Barack Obama John Kerry
72%
17 2001-2005 George W. Bush Colin Powell
68%
16 1997-2001 Bill Clinton Madeleine Albright
64%
22 since 2018 Donald J. Trump Mike Pompeo
61%
21 2017-2018 Donald J. Trump Rex Tillerson
49%
13 1989-1992 George Bush James Baker
35%
2 1947-1949 Harry S. Truman George C. Marshall
34%
4 1953-1959 Dwight D. Eisenhower John Foster Dulles
32%
12 1982-1989 Ronald Reagan George P. Shultz
31%
11 1981-1982 Ronald Reagan Alexander Haig
29%
15 1993-1997 Bill Clinton Warren Christopher
26%
9 1977-1980 Jimmy Carter Cyrus Vance
25%
6 1961-1969 John F. Kennedy / Lyndon B. Johnson Dean Rusk
25%
3 1949-1953 Harry S. Truman Dean Acheson
23%
10 1980-1981 Jimmy Carter Edmund Muskie
23%
14 1992-1993 George Bush Lawrence Eagleburger
20%
1 1945-1947 Harry S. Truman James F. Byrnes
17%
7 1969-1973 Richard Nixon William P. Rogers
16%
5 1959-1961 Dwight D. Eisenhower Christian Herter
13%
No matching quizzes found
Score Distribution
Percent of People with Each Score
Percentile by Number Answered
Your Score History
You have not taken this quiz since the last reset